ბათუმის შოთა რუსთაველის სახელმწიფო უნივერსიტეტის ბიბლიოთეკა

Сборник задач по общему курсу физики. (ბიბ.ჩანაწერი № 37202)

000 -LEADER
fixed length control field 00818nam a2200229Ia 4500
001 - CONTROL NUMBER
control field 3159
003 - CONTROL NUMBER IDENTIFIER
control field GE_BSU
008 - FIXED-LENGTH DATA ELEMENTS--GENERAL INFORMATION
fixed length control field 181216s||||||||xx |||||||||||||| ||und||
040 ## - CATALOGING SOURCE
Transcribing agency GE_BSU
080 ## - UNIVERSAL DECIMAL CLASSIFICATION NUMBER
Universal Decimal Classification number 530(075.8)
100 ## - MAIN ENTRY--PERSONAL NAME
Personal name Гурьев,Л.Г. Кортнев.А.В. Куценко,А.Н. и др.
245 ## - TITLE STATEMENT
Title Сборник задач по общему курсу физики.
245 ## - TITLE STATEMENT
Remainder of title Учеб. пособие для втузов.
245 ## - TITLE STATEMENT
Statement of responsibility, etc. Под. ред. А.Н.Куценко, Ю.В.Рублува. Ред. И.А.Иванов.
250 ## - EDITION STATEMENT
Edition statement Изд 2-ое, доп. и испр.
260 ## - PUBLICATION, DISTRIBUTION, ETC.
Place of publication, distribution, etc. М.
260 ## - PUBLICATION, DISTRIBUTION, ETC.
Name of publisher, distributor, etc. Высш. школа.
260 ## - PUBLICATION, DISTRIBUTION, ETC.
Date of publication, distribution, etc. 1972.
300 ## - PHYSICAL DESCRIPTION
Extent 432 стр. с илл. 20 см.
653 ## - INDEX TERM--UNCONTROLLED
Uncontrolled term Сборник задач по общему курсу физики.
942 ## - ADDED ENTRY ELEMENTS (KOHA)
Koha item type წიგნი
ეგზემპლარები
Withdrawn status Lost status Damaged status Not for loan Date acquired Barcode Date last seen Price effective from Koha item type
        2018-12-17 8725 2018-12-17 2018-12-17 წიგნი
        2018-12-17 8726 2018-12-17 2018-12-17 წიგნი
        2018-12-17 8727 2018-12-17 2018-12-17 წიგნი